Histologi dan embriologi

Bibliographic Details
Main Author: Rowett, H. G. Q. (Author)
Format: Book
Published: Kuala Lumpur ; London : Heinemann ; : John Murray , 1981
Subjects:

MARC

LEADER 00000cam a2200000 7i4500
001 0000003544
005 20220810093000.0
008 021118n
090 0 0 |a QL807   |b .R68 
100 0 |a Rowett, H. G. Q. ,   |e author 
245 0 0 |a Histologi dan embriologi   |c H. G. Q. Rowett 
260 2 |a Kuala Lumpur ;   |a London :   |b Heinemann ; :   |b John Murray ,   |c 1981 
300 |a 72 ms. : ilus. ; ;   |c 25 sm. 
650 0 |a Embryology 
650 0 |a Histology 
999 |a 1000032694   |b Book   |c OPEN SHELF (30 DAYS)   |e Tembila Campus 
999 |a 1000032695   |b Book   |c OPEN SHELF (30 DAYS)   |e Tembila Campus